[Event "Scarborough CC Falling Leaves"]
[Site "Toronto CAN"]
[Date "2009.11.26"]
[Round "4"]
[White "Dattani, Dinesh"]
[Black "Mahoney, Ian"]
[Result "0-1"]
[WhiteElo "1362"]
[BlackElo "1494"]
[PlyCount "84"]
[GameId "2160767910096019"]
[EventDate "2009.11.05"]
[EventType "swiss"]
[EventRounds "7"]
[EventCountry "CAN"]
[SourceTitle "EXT 2011"]
[Source "ChessBase"]
[SourceDate "2011.11.26"]
[SourceVersion "1"]
[SourceVersionDate "2011.11.26"]
[SourceQuality "1"]

1. e4 c5 2. Nf3 d6 3. d4 cxd4 4. Nxd4 Nf6 5. Nc3 g6 6. Be2 Bg7 7. O-O O-O 8. Be3 Nc6 9. Qd2 Ng4 10. Bxg4 Bxg4 11. Nb3 a6 12. f4 Rc8 13. Nd1 Bd7 14. c3 Na5 15. Nxa5 Qxa5 16. e5 Bb5 17. Rf3 dxe5 18. fxe5 Bxe5 19. Bh6 Bg7 20. Bxg7 Kxg7 21. Rh3 Rh8 22. Qd4+ Kg8 23. Ne3 Qd8 24. Nd5 Bc6 25. Nxe7+ Qxe7 26. Re3 Qd7 27. Qf6 Qf5 28. Qd4 Qd5 29. Qg4 Kg7 30. Rd1 Qf5 31. Qd4+ Qf6 32. Qxf6+ Kxf6 33. Rf1+ Kg7 34. Re7 Rhf8 35. b4 Rce8 36. Rc7 Re2 37. Rf2 Rxf2 38. Kxf2 Rd8 39. Ke3 Bxg2 40. c4 Bc6 41. b5 axb5 42. cxb5 Rd7 0-1

[Event "Scarborough CC Falling Leaves"]
[Site "Toronto CAN"]
[Date "2009.11.26"]
[Round "4"]
[White "Ferreira, Alex"]
[Black "Bao, Stephen"]
[Result "1-0"]
[WhiteElo "2003"]
[BlackElo "1524"]
[PlyCount "93"]
[GameId "2160767910096020"]
[EventDate "2009.11.05"]
[EventType "swiss"]
[EventRounds "7"]
[EventCountry "CAN"]
[SourceTitle "EXT 2011"]
[Source "ChessBase"]
[SourceDate "2011.11.26"]
[SourceVersion "1"]
[SourceVersionDate "2011.11.26"]
[SourceQuality "1"]

1. e4 c5 2. Nf3 d6 3. d4 cxd4 4. Nxd4 Nf6 5. Nc3 a6 6. a4 e5 7. Nf3 Be7 8. Bc4 Bg4 9. Be3 Nbd7 10. h3 Bh5 11. O-O Rc8 12. Bb3 Nc5 13. Bxc5 dxc5 14. Qxd8+ Bxd8 15. Nxe5 O-O 16. f4 Re8 17. g4 Bg6 18. Nxg6 hxg6 19. e5 c4 20. Ba2 Bb6+ 21. Kg2 Nd7 22. Ne4 Bc7 23. Rfd1 Nb6 24. b3 Rcd8 25. Nc5 Nd5 26. Kf3 Nc3 27. Rxd8 Rxd8 28. bxc4 Rd2 29. Bb3 Bb6 30. Nd3 Bd4 31. Re1 Kh7 32. h4 b6 33. f5 gxf5 34. gxf5 Rh2 35. e6 fxe6 36. fxe6 Bf6 37. e7 Bxe7 38. Rxe7 Rxh4 39. Re6 b5 40. cxb5 axb5 41. a5 b4 42. a6 Nb5 43. Re4 Nd4+ 44. Rxd4 Rxd4 45. a7 Rd8 46. Bd5 b3 47. c4 1-0

[Event "Scarborough CC Falling Leaves"]
[Site "Toronto CAN"]
[Date "2009.11.26"]
[Round "4"]
[White "Garel, Rick"]
[Black "Hall, John2"]
[Result "0-1"]
[WhiteElo "1940"]
[BlackElo "2270"]
[PlyCount "88"]
[GameId "2160767910096021"]
[EventDate "2009.11.05"]
[EventType "swiss"]
[EventRounds "7"]
[EventCountry "CAN"]
[SourceTitle "EXT 2011"]
[Source "ChessBase"]
[SourceDate "2011.11.26"]
[SourceVersion "1"]
[SourceVersionDate "2011.11.26"]
[SourceQuality "1"]

1. e4 e5 2. Nf3 Nc6 3. Bb5 a6 4. Ba4 Nf6 5. O-O Be7 6. Re1 b5 7. Bb3 O-O 8. c3 d5 9. exd5 Nxd5 10. Nxe5 Nxe5 11. Rxe5 c6 12. d4 Bd6 13. Re1 Qh4 14. g3 Qh3 15. Qf3 Bg4 16. Qg2 Qh5 17. Nd2 Rae8 18. Rf1 Bh3 19. Qf3 Qxf3 20. Nxf3 Bxf1 21. Bxd5 cxd5 22. Kxf1 Re7 23. Bd2 Rb7 24. b4 f6 25. Ne1 a5 26. a3 Ra7 27. Rb1 axb4 28. axb4 Re8 29. Be3 Ra2 30. Nd3 Rea8 31. Kg2 R8a3 32. Rc1 Ra1 33. Rxa1 Rxa1 34. Nf4 Bxf4 35. Bxf4 Rd1 36. Bd6 Rd3 37. h4 Kf7 38. Kh3 Rf3 39. Kg2 Rxc3 40. g4 Ke6 41. Bc5 f5 42. f3 fxg4 43. fxg4 g6 44. Kh2 h5 0-1

[Event "Scarborough CC Falling Leaves"]
[Site "Toronto CAN"]
[Date "2009.11.26"]
[Round "4"]
[White "Jizan, Masoud"]
[Black "Casareno, Erwin"]
[Result "0-1"]
[WhiteElo "1743"]
[BlackElo "2203"]
[PlyCount "101"]
[GameId "2160767910096022"]
[EventDate "2009.11.05"]
[EventType "swiss"]
[EventRounds "7"]
[EventCountry "CAN"]
[SourceTitle "EXT 2011"]
[Source "ChessBase"]
[SourceDate "2011.11.26"]
[SourceVersion "1"]
[SourceVersionDate "2011.11.26"]
[SourceQuality "1"]

1. e4 c5 2. Nf3 Nc6 3. Nc3 e6 4. d4 cxd4 5. Nxd4 a6 6. Bc4 Nf6 7. Bg5 Qa5 8. Bxf6 gxf6 9. Nb3 Qg5 10. Qd2 Qxg2 11. O-O-O Ne5 12. f4 Qxd2+ 13. Nxd2 Nc6 14. Rhg1 b5 15. Be2 Bb7 16. Bh5 Rc8 17. Nf3 Bh6 18. Bxf7+ Ke7 19. Rg4 Nd8 20. Bh5 b4 21. Na4 Bxe4 22. Rg2 Bxf4+ 23. Kb1 Bh6 24. Re2 d5 25. Nb6 Rc7 26. Nd4 Bf4 27. Bf3 Bxf3 28. Nxf3 Kf7 29. Nd4 Rg8 30. Rde1 Be5 31. Nf3 Nc6 32. Rf1 Ke7 33. Na4 Nd4 34. Nxd4 Bxd4 35. Rfe1 e5 36. Rd1 Kf7 37. Ree1 Rg2 38. c3 bxc3 39. bxc3 Bxc3 40. Nxc3 Rxc3 41. Rc1 d4 42. Rxc3 dxc3 43. Rc1 c2+ 44. Rxc2 Rxc2 45. Kxc2 e4 46. Kd2 Ke6 47. Ke3 Ke5 48. a4 f5 49. h4 f4+ 50. Kd2 Kd4 51. Ke2 0-1

[Event "Scarborough CC Falling Leaves"]
[Site "Toronto CAN"]
[Date "2009.11.26"]
[Round "4"]
[White "Krupka, David"]
[Black "Gillis, Doug"]
[Result "1-0"]
[WhiteElo "2092"]
[BlackElo "1694"]
[PlyCount "119"]
[GameId "2160767910096023"]
[EventDate "2009.11.05"]
[EventType "swiss"]
[EventRounds "7"]
[EventCountry "CAN"]
[SourceTitle "EXT 2011"]
[Source "ChessBase"]
[SourceDate "2011.11.26"]
[SourceVersion "1"]
[SourceVersionDate "2011.11.26"]
[SourceQuality "1"]

1. d4 e6 2. c4 Nf6 3. Nc3 Bb4 4. Bg5 Bxc3+ 5. bxc3 d6 6. Nf3 Nbd7 7. Qc2 h6 8. Bh4 O-O 9. e4 e5 10. Bd3 Re8 11. O-O Nf8 12. Rab1 Ng6 13. Bg3 Rb8 14. Nh4 Nh5 15. Nf5 Nxg3 16. fxg3 Ne7 17. Ne3 exd4 18. cxd4 Nc6 19. Qf2 Rf8 20. Nd5 Ne7 21. Nxe7+ Qxe7 22. Rbe1 f6 23. Bb1 Bd7 24. Qc2 Rbe8 25. e5 f5 26. e6 Bxe6 27. d5 Qf6 28. Rxe6 Rxe6 29. dxe6 Qxe6 30. g4 g6 31. gxf5 gxf5 32. h3 Qe5 33. Qd3 Qc5+ 34. Kh1 Qe5 35. Qf3 Kg7 36. Qxb7 f4 37. Qxc7+ Rf7 38. Qc8 Qe2 39. Qg4+ Qxg4 40. hxg4 h5 41. gxh5 Kh6 42. Bg6 Rf6 43. Rf3 Kg5 44. Kg1 a5 45. Kf2 Kg4 46. Rd3 Kh4 47. Kf3 Kg5 48. Rd5+ Kh6 49. Rxa5 Rxg6 50. hxg6 Kxg6 51. Kxf4 Kf7 52. Ra6 Ke7 53. Ke4 Kd7 54. Kd5 Kc7 55. Rxd6 Kb7 56. Rg6 Kc7 57. Rh6 Kb7 58. Kc5 Kc7 59. Rh7+ Kb8 60. Kd6 1-0

[Event "Scarborough CC Falling Leaves"]
[Site "Toronto CAN"]
[Date "2009.11.26"]
[Round "4"]
[White "Kurkowski, Ken"]
[Black "Stewart, Frankie"]
[Result "1-0"]
[WhiteElo "1635"]
[BlackElo "1780"]
[PlyCount "83"]
[GameId "2160767910096024"]
[EventDate "2009.11.05"]
[EventType "swiss"]
[EventRounds "7"]
[EventCountry "CAN"]
[SourceTitle "EXT 2011"]
[Source "ChessBase"]
[SourceDate "2011.11.26"]
[SourceVersion "1"]
[SourceVersionDate "2011.11.26"]
[SourceQuality "1"]

1. d4 d5 2. c4 e6 3. Nf3 Nf6 4. g3 Nbd7 5. Bg2 Be7 6. O-O O-O 7. Nbd2 b6 8. Qc2 Bb7 9. Re1 c5 10. cxd5 Nxd5 11. a3 Rc8 12. Qb1 cxd4 13. Nxd4 Bc5 14. N2b3 Be7 15. e4 N5f6 16. e5 Bxg2 17. exf6 Bh3 18. fxe7 Qxe7 19. Qe4 Qf6 20. Bd2 e5 21. Nf3 Bf5 22. Qd5 Be6 23. Qd3 Rfd8 24. Bg5 Qg6 25. Qxg6 hxg6 26. Bxd8 Bxb3 27. Bg5 f6 28. Be3 Rc2 29. Rec1 Rxb2 30. Rc7 Be6 31. Rd1 Nc5 32. Bxc5 bxc5 33. Rxc5 Bg4 34. Rd8+ Kh7 35. Rc4 Rb1+ 36. Kg2 Bxf3+ 37. Kxf3 g5 38. Rc7 Rb3+ 39. Kg2 Rxa3 40. Rdd7 Kg6 41. Rxa7 g4 42. Rxa3 1-0

[Event "Scarborough CC Falling Leaves"]
[Site "Toronto CAN"]
[Date "2009.11.26"]
[Round "4"]
[White "Lamb, Bryan"]
[Black "Al Ganabi, Haqi"]
[Result "1-0"]
[WhiteElo "2222"]
[BlackElo "1915"]
[PlyCount "109"]
[GameId "2160767910096025"]
[EventDate "2009.11.05"]
[EventType "swiss"]
[EventRounds "7"]
[EventCountry "CAN"]
[SourceTitle "EXT 2011"]
[Source "ChessBase"]
[SourceDate "2011.11.26"]
[SourceVersion "1"]
[SourceVersionDate "2011.11.26"]
[SourceQuality "1"]

1. c4 Nf6 2. Nc3 g6 3. g3 Bg7 4. Bg2 O-O 5. d4 c6 6. e4 d6 7. Nge2 Ne8 8. O-O f5 9. Be3 Kh8 10. Qd2 Rg8 11. f4 fxe4 12. Nxe4 Nf6 13. N2c3 Ng4 14. Ng5 Rf8 15. Rfe1 Nxe3 16. Rxe3 Qb6 17. Rxe7 Bxd4+ 18. Kh1 Bg7 19. Nf7+ Kg8 20. Nxd6 Na6 21. Bd5+ cxd5 22. Qxd5+ Be6 23. Qxe6+ Kh8 24. Nf7+ Rxf7 25. Qxf7 Rg8 26. Rae1 Qf2 27. Qd5 Nb4 28. Qg2 Qc5 29. Qxb7 Nd3 30. Rxg7 Rxg7 31. Re8+ Rg8 32. Rxg8+ Kxg8 33. Qd5+ Qxd5+ 34. cxd5 Nxb2 35. Kg2 Kf7 36. Kf3 Nc4 37. Ke4 Ke7 38. Kd4 Nd6 39. Ne4 Nf7 40. Kc5 Kd7 41. Nf6+ Ke7 42. Nxh7 Nd6 43. Ng5 Nf5 44. Ne4 Kd7 45. d6 Ng7 46. Kd5 Nf5 47. Nc5+ Kd8 48. Ke5 Ne3 49. Ke6 Kc8 50. h3 a5 51. g4 a4 52. a3 g5 53. f5 Nc4 54. d7+ Kc7 55. Ke7 1-0

[Event "Scarborough CC Falling Leaves"]
[Site "Toronto CAN"]
[Date "2009.11.26"]
[Round "4"]
[White "Lin, Tony (Juntao)"]
[Black "Rapoport, Alexander"]
[Result "1-0"]
[WhiteElo "1652"]
[BlackElo "1870"]
[PlyCount "67"]
[GameId "2160767910096026"]
[EventDate "2009.11.05"]
[EventType "swiss"]
[EventRounds "7"]
[EventCountry "CAN"]

1. e4 c5 2. d4 cxd4 3. c3 Nc6 4. cxd4 d5 5. exd5 Qxd5 6. Nf3 Bg4 7. Nc3 Qa5 8. Be2 e6 9. O-O Nf6 10. a3 Rd8 11. Be3 a6 12. Qb3 Qc7 13. Rfd1 Nd5 14. Nxd5 Rxd5 15. Rac1 Bd6 16. h3 Bh5 17. g4 Bg6 18. Bc4 Be4 19. Ng5 Rxg5 20. Bxg5 h5 21. Bxe6 hxg4 22. Bxg4 Bh2+ 23. Kf1 O-O 24. d5 Qa5 25. dxc6 Qxg5 26. cxb7 Rb8 27. Rc8+ Kh7 28. Rxb8 Bxb8 29. Qxf7 Bg6 30. Qc4 Qf6 31. Qd4 Be5 32. Qd8 Be4 33. Qxf6 gxf6 34. Rd7+ 1-0

[Event "Scarborough CC Falling Leaves"]
[Site "Toronto CAN"]
[Date "2009.11.26"]
[Round "4"]
[White "Manalo, Pepin"]
[Black "Poirier, Vincent"]
[Result "1-0"]
[WhiteElo "1829"]
[BlackElo "1780"]
[PlyCount "107"]
[GameId "2160767910096027"]
[EventDate "2009.11.05"]
[EventType "swiss"]
[EventRounds "7"]
[EventCountry "CAN"]
[SourceTitle "EXT 2011"]
[Source "ChessBase"]
[SourceDate "2011.11.26"]
[SourceVersion "1"]
[SourceVersionDate "2011.11.26"]
[SourceQuality "1"]

1. e4 c5 2. Nf3 e6 3. c4 Nc6 4. d4 cxd4 5. Nxd4 Bc5 6. Nb3 Bb6 7. Nc3 Qe7 8. Be2 Nf6 9. O-O O-O 10. Bg5 a6 11. Rc1 Bc7 12. f4 d6 13. Kh1 Bd7 14. c5 e5 15. Nd5 Qd8 16. cxd6 Bxd6 17. Nxf6+ gxf6 18. Bh6 Qe7 19. Bxf8 Rxf8 20. f5 Kh8 21. Rc3 Nd4 22. Bc4 Bc6 23. Qg4 Rg8 24. Qh4 Rg7 25. Bd3 Bb4 26. Rcc1 Nxb3 27. axb3 Bd2 28. Rc2 Bg5 29. Qf2 Qb4 30. Qe2 Qxb3 31. Rc3 Qb6 32. Rd1 Be3 33. Bc2 Bd4 34. Rb3 Qc7 35. Qd2 Ba4 36. Rc3 Bxc3 37. bxc3 Bxc2 38. Qxc2 Rg8 39. h3 b5 40. Rd5 Rd8 41. Qb3 Rc8 42. Rd3 Qc4 43. Qd1 Qxe4 44. Rf3 a5 45. Qd7 Qb1+ 46. Kh2 Rg8 47. Qxf7 Qe1 48. Qxf6+ Rg7 49. Qf8+ Rg8 50. Qf6+ Rg7 51. Rd3 h5 52. Qh6+ Kg8 53. Rd8+ Kf7 54. Qe6# 1-0

[Event "Scarborough CC Falling Leaves"]
[Site "Toronto CAN"]
[Date "2009.11.26"]
[Round "4"]
[White "Moffat, Andrei"]
[Black "Wu, Kevin"]
[Result "1-0"]
[WhiteElo "2234"]
[BlackElo "1930"]
[PlyCount "61"]
[GameId "2160767910096028"]
[EventDate "2009.11.05"]
[EventType "swiss"]
[EventRounds "7"]
[EventCountry "CAN"]
[SourceTitle "EXT 2011"]
[Source "ChessBase"]
[SourceDate "2011.11.26"]
[SourceVersion "1"]
[SourceVersionDate "2011.11.26"]
[SourceQuality "1"]

1. g3 Nf6 2. Bg2 g6 3. Nc3 Bg7 4. d3 O-O 5. a4 d5 6. Bg5 c6 7. a5 Nbd7 8. Qd2 Re8 9. Nf3 e5 10. e4 d4 11. Ne2 b5 12. axb6 Qxb6 13. O-O c5 14. b3 Bb7 15. Qa5 h6 16. Bxf6 Bxf6 17. Nd2 Bd8 18. Nc4 Qe6 19. Qd2 Nb6 20. Na5 Bc6 21. Qxh6 Nd7 22. Bh3 Qf6 23. f4 Bxa5 24. Rxa5 a6 25. fxe5 Qxe5 26. Qf4 Qe7 27. Bxd7 Bxd7 28. Qf6 Bb5 29. Qxe7 Rxe7 30. Nf4 f5 31. Nxg6 1-0

[Event "Scarborough CC Falling Leaves"]
[Site "Toronto CAN"]
[Date "2009.11.26"]
[Round "4"]
[White "Paterson, Jim"]
[Black "Radpey, Abdolreza"]
[Result "1/2-1/2"]
[WhiteElo "1826"]
[BlackElo "1508"]
[PlyCount "61"]
[GameId "2160767910096029"]
[EventDate "2009.11.05"]
[EventType "swiss"]
[EventRounds "7"]
[EventCountry "CAN"]
[SourceTitle "EXT 2011"]
[Source "ChessBase"]
[SourceDate "2011.11.26"]
[SourceVersion "1"]
[SourceVersionDate "2011.11.26"]
[SourceQuality "1"]

1. e3 c5 2. f4 b6 3. Nf3 Bb7 4. b3 Nc6 5. Bb2 e6 6. Be2 Nf6 7. O-O d5 8. Na3 a6 9. c4 d4 10. exd4 cxd4 11. d3 Bd6 12. Qc1 Bc5 13. Nc2 O-O 14. Ba3 a5 15. Bxc5 bxc5 16. a3 Re8 17. Ne5 Nxe5 18. fxe5 Nd7 19. Qf4 Qe7 20. Bh5 Rf8 21. Bf3 Rab8 22. Rab1 f6 23. exf6 Rxf6 24. Qc7 Bxf3 25. Rxf3 Rxf3 26. gxf3 Rf8 27. Ne1 Qg5+ 28. Qg3 Qe3+ 29. Qf2 Qg5+ 30. Qg2 Qe3+ 31. Qf2 1/2-1/2

[Event "Scarborough CC Falling Leaves"]
[Site "Toronto CAN"]
[Date "2009.11.26"]
[Round "4"]
[White "Peng, Bill"]
[Black "Yuan, Yuanling"]
[Result "0-1"]
[WhiteElo "2142"]
[BlackElo "2304"]
[PlyCount "58"]
[GameId "2160767910096030"]
[EventDate "2009.11.05"]
[EventType "swiss"]
[EventRounds "7"]
[EventCountry "CAN"]
[SourceTitle "EXT 2011"]
[Source "ChessBase"]
[SourceDate "2011.11.26"]
[SourceVersion "1"]
[SourceVersionDate "2011.11.26"]
[SourceQuality "1"]

1. e4 c5 2. Nc3 Nc6 3. g3 g6 4. Bg2 Bg7 5. d3 e6 6. Be3 d6 7. Qd2 Nd4 8. Nd1 Rb8 9. c3 Nc6 10. Ne2 Ne5 11. h3 Ne7 12. O-O O-O 13. f4 N5c6 14. Rb1 a5 15. Bf2 b6 16. g4 f5 17. Bh4 Qe8 18. Ne3 Kh8 19. Rbe1 Qf7 20. Nc4 d5 21. Nd6 Qg8 22. Ng3 Bd7 23. e5 Nc8 24. gxf5 Nxd6 25. exd6 exf5 26. Be7 Rfe8 27. Kh2 Nxe7 28. dxe7 Bf6 29. c4 Be6 0-1

[Event "Scarborough CC Falling Leaves"]
[Site "Toronto CAN"]
[Date "2009.11.26"]
[Round "4"]
[White "Rutherdale, William"]
[Black "Mesiti, Silvano"]
[Result "0-1"]
[WhiteElo "1772"]
[BlackElo "1730"]
[PlyCount "46"]
[GameId "2160767910096031"]
[EventDate "2009.11.05"]
[EventType "swiss"]
[EventRounds "7"]
[EventCountry "CAN"]
[SourceTitle "EXT 2011"]
[Source "ChessBase"]
[SourceDate "2011.11.26"]
[SourceVersion "1"]
[SourceVersionDate "2011.11.26"]
[SourceQuality "1"]

1. d4 d5 2. c4 Nf6 3. Nf3 Nc6 4. e3 e6 5. Nc3 Bb4 6. Bd2 O-O 7. Bd3 Re8 8. O-O e5 9. dxe5 Nxe5 10. Nxe5 Rxe5 11. cxd5 Bxc3 12. Bxc3 Rxd5 13. Bxf6 gxf6 14. Bxh7+ Kxh7 15. Qc2+ Kg7 16. Rac1 c6 17. Rfd1 Be6 18. Rxd5 Bxd5 19. Rd1 Qe7 20. Rd4 Rh8 21. b3 Kf8 22. Qf5 Qe6 23. Qf4 Qe5 0-1

[Event "Scarborough CC Falling Leaves"]
[Site "Toronto CAN"]
[Date "2009.11.26"]
[Round "4"]
[White "Smith, Maurice"]
[Black "Takov, Chris"]
[Result "1-0"]
[WhiteElo "1654"]
[BlackElo "1792"]
[PlyCount "102"]
[GameId "2160767910096032"]
[EventDate "2009.11.05"]
[EventType "swiss"]
[EventRounds "7"]
[EventCountry "CAN"]
[SourceTitle "EXT 2011"]
[Source "ChessBase"]
[SourceDate "2011.11.26"]
[SourceVersion "1"]
[SourceVersionDate "2011.11.26"]
[SourceQuality "1"]

1. d4 Nf6 2. c4 g6 3. Nc3 Bg7 4. Nf3 d6 5. e4 O-O 6. Be2 Nc6 7. O-O e5 8. dxe5 dxe5 9. Qxd8 Rxd8 10. Bg5 Be6 11. Bxf6 Bxf6 12. Nd5 Bxd5 13. cxd5 Nd4 14. Bd1 c5 15. Ne1 Bg7 16. Nd3 Rac8 17. Rc1 c4 18. Ne1 b5 19. Kh1 Bh6 20. Rb1 b4 21. Nc2 a5 22. g3 Bd2 23. f4 f6 24. fxe5 fxe5 25. Rf2 c3 26. bxc3 Bxc3 27. Ne3 Kg7 28. Ba4 Rf8 29. Rbf1 Rxf2 30. Rxf2 Be1 31. Rf1 Bc3 32. Ng4 Rb8 33. Nxe5 b3 34. axb3 Nxb3 35. Nc6 Rb7 36. e5 Nc5 37. Bc2 Rb2 38. Bd1 a4 39. Bxa4 Nxa4 40. e6 Nb6 41. d6 Ra2 42. d7 Nxd7 43. Rf7+ Kg8 44. Rxd7 Re2 45. Rd8+ Kg7 46. e7 h5 47. e8=Q Re1+ 48. Kg2 Rxe8 49. Rxe8 g5 50. Re7+ Kg6 51. Kf3 Kf5 1-0

[Event "Scarborough CC Falling Leaves"]
[Site "Toronto CAN"]
[Date "2009.11.26"]
[Round "4"]
[White "Southam, David"]
[Black "Zhou, Kevin"]
[Result "1/2-1/2"]
[WhiteElo "2163"]
[BlackElo "1870"]
[PlyCount "53"]
[GameId "2160767910096033"]
[EventDate "2009.11.05"]
[EventType "swiss"]
[EventRounds "7"]
[EventCountry "CAN"]
[SourceTitle "EXT 2011"]
[Source "ChessBase"]
[SourceDate "2011.11.26"]
[SourceVersion "1"]
[SourceVersionDate "2011.11.26"]
[SourceQuality "1"]

1. d4 Nf6 2. Nc3 d5 3. Bg5 g6 4. Bxf6 exf6 5. e3 Bg7 6. Bd3 f5 7. Qf3 c6 8. O-O-O O-O 9. h3 Qg5 10. Nge2 Be6 11. Rdg1 h5 12. Nf4 Nd7 13. Kb1 b5 14. Qd1 Qe7 15. Nxe6 Qxe6 16. Ne2 Nf6 17. Nf4 Qe7 18. Qd2 b4 19. Rc1 c5 20. dxc5 Qxc5 21. c3 bxc3 22. Rxc3 Qb4 23. Rc2 Qb6 24. Rhc1 Rab8 25. Ne2 Ne4 26. Bxe4 dxe4 27. Nd4 1/2-1/2

[Event "Scarborough CC Falling Leaves"]
[Site "Toronto CAN"]
[Date "2009.11.26"]
[Round "4"]
[White "Ugodnikov, Arkadiy"]
[Black "Bzikot, Robert"]
[Result "0-1"]
[WhiteElo "1818"]
[BlackElo "2003"]
[PlyCount "108"]
[GameId "2160767910096034"]
[EventDate "2009.11.05"]
[EventType "swiss"]
[EventRounds "7"]
[EventCountry "CAN"]
[SourceTitle "EXT 2011"]
[Source "ChessBase"]
[SourceDate "2011.11.26"]
[SourceVersion "1"]
[SourceVersionDate "2011.11.26"]
[SourceQuality "1"]

1. e4 d6 2. d4 Nf6 3. Nc3 g6 4. f3 Bg7 5. Be3 Nc6 6. Bb5 O-O 7. Nge2 a6 8. Bxc6 bxc6 9. O-O Rb8 10. Rb1 Nd7 11. Qd2 Re8 12. Bh6 Bh8 13. f4 c5 14. f5 cxd4 15. fxg6 hxg6 16. Nxd4 Ne5 17. b3 c6 18. Nf3 Ng4 19. Be3 Nxe3 20. Qxe3 Qa5 21. Na4 Bd7 22. Ng5 Bf6 23. Nf3 Bg7 24. Ng5 Bh6 25. h4 f6 26. Qf3 Bxg5 27. hxg5 Qxg5 28. Nb2 Kg7 29. Qf4 Qc5+ 30. Qf2 Qe5 31. Nd3 Qe6 32. Rbe1 Rh8 33. e5 fxe5 34. Re4 Rbf8 35. Qe2 Rxf1+ 36. Qxf1 Qf5 37. Qe2 c5 38. Nxe5 dxe5 39. Rxe5 Qg4 40. Rxe7+ Kf8 41. Qe5 Qd1+ 42. Kf2 Qxc2+ 43. Kg1 Qb1+ 44. Kf2 Qxa2+ 45. Kg1 Qb1+ 46. Kf2 Qf5+ 47. Kg1 Qxe5 48. Rxe5 Bb5 49. Rxc5 Kg7 50. Kf2 Rd8 51. Rc7+ Kh6 52. Rc3 Rd3 53. Rc5 Rxb3 54. g3 a5 0-1

[Event "Scarborough CC Falling Leaves"]
[Site "Toronto CAN"]
[Date "2009.11.26"]
[Round "4"]
[White "Verde, Pino"]
[Black "Moysoski, Randy"]
[Result "1-0"]
[WhiteElo "1830"]
[BlackElo "1958"]
[PlyCount "83"]
[GameId "2160767910096035"]
[EventDate "2009.11.05"]
[EventType "swiss"]
[EventRounds "7"]
[EventCountry "CAN"]
[SourceTitle "EXT 2011"]
[Source "ChessBase"]
[SourceDate "2011.11.26"]
[SourceVersion "1"]
[SourceVersionDate "2011.11.26"]
[SourceQuality "1"]

1. Nf3 Nf6 2. g3 d6 3. d3 c5 4. e4 Nc6 5. Bg2 Bg4 6. Nbd2 e5 7. a4 Be7 8. Nc4 Qd7 9. h3 Bh5 10. Ne3 Nd4 11. c3 Nxf3+ 12. Bxf3 Bxf3 13. Qxf3 a6 14. Nf5 Bf8 15. g4 g6 16. Ne3 Bg7 17. g5 Nh5 18. Nd5 Qd8 19. a5 O-O 20. Nb6 Rb8 21. Qg4 f5 22. gxf6 Nxf6 23. Qe6+ Rf7 24. Bg5 Qe7 25. Qb3 Kh8 26. Nd5 Qe6 27. Bxf6 Bxf6 28. h4 Qg4 29. Ne3 Qd7 30. h5 Rg7 31. hxg6 Rxg6 32. O-O-O Bg5 33. Rdf1 Qb5 34. Rxh7+ Kxh7 35. Qf7+ Rg7 36. Rh1+ Bh6 37. Rxh6+ Kxh6 38. Nf5+ Kg5 39. Qxg7+ Kh5 40. f3 Qxb2+ 41. Kxb2 b6 42. Qg4# 1-0

[Event "Scarborough CC Falling Leaves"]
[Site "Toronto CAN"]
[Date "2009.12.03"]
[Round "5"]
[White "Bao, Stephen"]
[Black "Paterson, Jim"]
[Result "0-1"]
[WhiteElo "1524"]
[BlackElo "1826"]
[PlyCount "110"]
[GameId "2160767910096036"]
[EventDate "2009.11.05"]
[EventType "swiss"]
[EventRounds "7"]
[EventCountry "CAN"]
[SourceTitle "EXT 2011"]
[Source "ChessBase"]
[SourceDate "2011.11.26"]
[SourceVersion "1"]
[SourceVersionDate "2011.11.26"]
[SourceQuality "1"]

1. e4 Nf6 2. e5 Nd5 3. d4 d6 4. Nf3 e6 5. c4 Nb6 6. Be3 Nc6 7. Be2 dxe5 8. Nxe5 Nxe5 9. dxe5 Qxd1+ 10. Kxd1 Bd7 11. Kc2 Bc6 12. Rg1 Be4+ 13. Kc1 Nd7 14. Nc3 Bc6 15. f4 h5 16. Kc2 g6 17. Rad1 a6 18. g3 O-O-O 19. a3 Bc5 20. Bxc5 Nxc5 21. b4 Ne4 22. Rxd8+ Rxd8 23. Rd1 Nxc3 24. Kxc3 Bg2 25. Rxd8+ Kxd8 26. c5 Kd7 27. h4 Bc6 28. Kd4 Ba4 29. g4 hxg4 30. Bxg4 Ke7 31. Bf3 c6 32. h5 gxh5 33. Bxh5 Bc2 34. Ke3 Kf8 35. Kf2 Kg7 36. Kg3 Bg6 37. Kg4 Kh6 38. Bxg6 Kxg6 39. Kh4 Kf5 40. Kg3 f6 41. exf6 Kxf6 42. a4 Kf5 43. Kf3 e5 44. fxe5 Kxe5 45. Ke3 Kd5 46. Kd3 a5 47. bxa5 Kxc5 48. Kc3 Kd5 49. Kd3 c5 50. Kc3 c4 51. Kc2 Kd4 52. Kd2 c3+ 53. Kc2 Kc4 54. a6 bxa6 55. a5 Kb4 0-1

[Event "Scarborough CC Falling Leaves"]
[Site "Toronto CAN"]
[Date "2009.12.03"]
[Round "5"]
[White "Casareno, Erwin"]
[Black "Moffat, Andrei"]
[Result "0-1"]
[WhiteElo "2203"]
[BlackElo "2234"]
[PlyCount "112"]
[GameId "2160767910096037"]
[EventDate "2009.11.05"]
[EventType "swiss"]
[EventRounds "7"]
[EventCountry "CAN"]
[SourceTitle "EXT 2011"]
[Source "ChessBase"]
[SourceDate "2011.11.26"]
[SourceVersion "1"]
[SourceVersionDate "2011.11.26"]
[SourceQuality "1"]

1. e4 c5 2. Nf3 d6 3. d4 cxd4 4. Nxd4 Nf6 5. Nc3 Nc6 6. Bg5 Bd7 7. Bxf6 gxf6 8. Be2 Rc8 9. O-O a6 10. Kh1 Bg7 11. f4 Qb6 12. Nb3 f5 13. exf5 Bxc3 14. bxc3 Bxf5 15. Qd5 Bxc2 16. Bh5 Nd8 17. Rae1 Bxb3 18. axb3 Qc6 19. Qg5 Rc7 20. c4 Qb6 21. Qg7 Rf8 22. Rf3 Qa5 23. Bxf7+ Rxf7 24. Qg8+ Rf8 25. Qg3 Nc6 26. h3 Kd8 27. Rd1 Kc8 28. Qg7 Qf5 29. Rd5 Qf6 30. Qg3 Kb8 31. Qf2 Rd8 32. Qb6 e6 33. Rd2 Qa1+ 34. Kh2 Qa5 35. Qe3 e5 36. f5 Nd4 37. Rff2 Rf7 38. g4 Rdf8 39. Ra2 Qc5 40. Rfb2 h5 41. b4 Qxc4 42. b5 axb5 43. Qa3 hxg4 44. hxg4 Rh8+ 45. Kg2 Qd5+ 46. Kf2 Rh2+ 47. Kg3 Rxb2 48. Qa8+ Kc7 49. Rxb2 e4 50. Qa5+ Kd7 51. Rh2 e3 52. Rh6 Nxf5+ 53. gxf5 Qxf5 54. Rxd6+ Kxd6 55. Qb6+ Ke7 56. Qc7+ Kf8 0-1

[Event "Scarborough CC Falling Leaves"]
[Site "Toronto CAN"]
[Date "2009.12.03"]
[Round "5"]
[White "Douglas, Richard"]
[Black "Kurkowski, Ken"]
[Result "1-0"]
[WhiteElo "1885"]
[BlackElo "1635"]
[PlyCount "59"]
[GameId "2160767910096038"]
[EventDate "2009.11.05"]
[EventType "swiss"]
[EventRounds "7"]
[EventCountry "CAN"]
[SourceTitle "EXT 2011"]
[Source "ChessBase"]
[SourceDate "2011.11.26"]
[SourceVersion "1"]
[SourceVersionDate "2011.11.26"]
[SourceQuality "1"]

1. e4 d5 2. exd5 Qxd5 3. Nf3 Nf6 4. Be2 e5 5. Nc3 Qa5 6. O-O Be7 7. Re1 Bd7 8. Bc4 Nc6 9. Qe2 O-O 10. Nxe5 Bd6 11. Nxd7 Nxd7 12. d3 Nf6 13. Bd2 Rae8 14. Ne4 Qe5 15. Nxf6+ Qxf6 16. Qh5 Ne5 17. Bc3 Qg6 18. Qe2 Nxc4 19. Qxe8 Ne5 20. Rxe5 Rxe8 21. Rxe8+ Bf8 22. Bb4 h6 23. Rxf8+ Kh7 24. Re1 Qb6 25. Bc3 Kg6 26. Re7 Qc5 27. Rfxf7 Qd5 28. Rxg7+ Kh5 29. g4+ Kh4 30. Bf6+ 1-0